The story of Hong Gil-Dong = 홍길동전 / (Record no. 356402)
[ view plain ]
| 000 -LEADER | |
|---|---|
| fixed length control field | 02002nam a22002657a 4500 |
| 003 - CONTROL NUMBER IDENTIFIER | |
| control field | SISC |
| 005 - DATE AND TIME OF LATEST TRANSACTION | |
| control field | 20180511160915.0 |
| 008 - FIXED-LENGTH DATA ELEMENTS--GENERAL INFORMATION | |
| fixed length control field | 180511b xxu||||| |||| 00| 0 eng d |
| 020 ## - INTERNATIONAL STANDARD BOOK NUMBER | |
| International Standard Book Number | 9788936449032 |
| 020 ## - INTERNATIONAL STANDARD BOOK NUMBER | |
| International Standard Book Number | 9788936449797 |
| 050 ## - LIBRARY OF CONGRESS CALL NUMBER | |
| Classification number | PL 972.4 |
| Item number | .H46 2003 |
| 100 ## - MAIN ENTRY--PERSONAL NAME | |
| Personal name | Heo, Gyun |
| 245 ## - TITLE STATEMENT | |
| Title | The story of Hong Gil-Dong = 홍길동전 / |
| Statement of responsibility, etc | Heo Gyun; illustrated by Lee Gwang Wik |
| 260 ## - PUBLICATION, DISTRIBUTION, ETC. (IMPRINT) | |
| Place of publication, distribution, etc | [Korea]: |
| Name of publisher, distributor, etc | Changbi Publishers, |
| Date of publication, distribution, etc | 2003. |
| 300 ## - PHYSICAL DESCRIPTION | |
| Extent | 155 pages : |
| Other physical details | color illustrations; |
| Dimensions | 23 cm. |
| 440 ## - SERIES STATEMENT/ADDED ENTRY--TITLE | |
| Title | Fun! our classics |
| Volume number/sequential designation | vol. 3 |
| 500 ## - GENERAL NOTE | |
| General note | *Selected as a Best Book of the Year by NPR and The Washington Post*<br/> <br/>The Story of Hong Gildong is arguably the single most important work of classic Korean fiction. A fantastic story of adventure, it has been adapted into countless movies, television shows, novels, and comics in Korea. Until now, the earliest and fullest text of this incredible fable has been inaccessible to English readers.<br/> <br/>Hong Gildong, the brilliant but illegitimate son of a noble government minister, cannot advance in society due to his second-class status, so he leaves home and becomes the leader of a band of outlaws. On the way to building his own empire and gaining acceptance from his family, Hong Gildong vanquishes assassins, battles monsters, and conquers kingdoms. Minsoo Kang’s expressive and lively new translation finally makes the authoritative text of this premodern tale available in English, reintroducing a noble and righteous outlaw and sharing a beloved hallmark of Korean culture.<br/><br/>(Source: Penguin Random House) |
| 650 ## - SUBJECT ADDED ENTRY--TOPICAL TERM | |
| Source of heading or term | Library of Congress Subject Headings |
| Topical term or geographic name as entry element | Korean fiction |
| 650 ## - SUBJECT ADDED ENTRY--TOPICAL TERM | |
| Source of heading or term | Library of Congress Subject Headings |
| Topical term or geographic name as entry element | Children's stories, Korean |
| 650 ## - SUBJECT ADDED ENTRY--TOPICAL TERM | |
| Source of heading or term | Library of Congress Subject Headings |
| Topical term or geographic name as entry element | Folk literature, Korean |
| General subdivision | Juvenile fiction |
| 650 ## - SUBJECT ADDED ENTRY--TOPICAL TERM | |
| Source of heading or term | Library of Congress Subject Headings |
| Topical term or geographic name as entry element | Folk literature, Korean |
| 700 ## - ADDED ENTRY--PERSONAL NAME | |
| Personal name | Lee, Gwang Wik |
| Relator term | illustrator |
| 942 ## - ADDED ENTRY ELEMENTS (KOHA) | |
| Source of classification or shelving scheme | Library of Congress Classification |
| Koha item type | Books |
| Withdrawn status | Lost status | Source of classification or shelving scheme | Damaged status | Home library | Current library | Shelving location | Date acquired | Source of acquisition | Total Checkouts | Total Renewals | Full call number | Barcode | Date last seen | Date checked out | Copy number | Price effective from | Koha item type |
|---|---|---|---|---|---|---|---|---|---|---|---|---|---|---|---|---|---|
| Library of Congress Classification | Luxembourg Library | Luxembourg Library | International Baccalaureate Section | 05/11/2018 | Library Fund | 1 | 1 | PL 972.4 .H46 2003 | IB0274 | 09/05/2023 | 08/30/2023 | 1 | 05/11/2018 | Books | |||
| Library of Congress Classification | Luxembourg Library | Luxembourg Library | International Baccalaureate Section | 05/11/2018 | Library Fund | 1 | PL 972.4 .H46 2003 | IB0275 | 04/29/2024 | 04/29/2024 | 2 | 05/11/2018 | Books | ||||
| Library of Congress Classification | Luxembourg Library | Luxembourg Library | International Baccalaureate Section | 05/11/2018 | Library Fund | PL 972.4 .H46 2003 | IB0276 | 05/11/2018 | 3 | 05/11/2018 | Books |